Acceso a Jesús (Record no. 74250)

MARC details
000 -LEADER
campo de control de longitud fija 00573nam a2200193 i 4500
001 - NÚMERO DE CONTROL
campo de control 74250
003 - IDENTIFICADOR DE NÚMERO DE CONTROL
campo de control ES-MaACL
005 - FECHA Y HORA DE LA ÚLTIMA TRANSACCIÓN
campo de control 20230906172050.0
007 - CAMPO FIJO DE DESCRIPCIÓN FÍSICA--INFORMACIÓN GENERAL
campo de control de longitud fija t|
008 - DATOS DE LONGITUD FIJA--INFORMACIÓN GENERAL
campo de control de longitud fija 040916s1979 sp ||||1| spa d
100 1# - ENTRADA PRINCIPAL--NOMBRE DE PERSONA
Nombre de persona González Faus, José Ignacio.
9 (RLIN) 58623
245 10 - MENCIÓN DEL TÍTULO
Título Acceso a Jesús
Resto del título : ensayo de teología narrativa /
Mención de responsabilidad, etc. José Ignacio González Faus.
260 ## - PUBLICACIÓN, DISTRIBUCIÓN, ETC.
Lugar de publicación, distribución, etc. Salamanca :
Nombre del editor, distribuidor, etc. Sígueme,
Fecha de publicación, distribución, etc. 1979.
300 ## - DESCRIPCIÓN FÍSICA
Extensión 226 p. ;
Dimensiones 21 cm.
490 1# - MENCIÓN DE SERIE
Mención de serie Verdad e imagen
830 0# - PUNTO DE ACCESO ADICIONAL DE SERIE-TÍTULO UNIFORME
Título uniforme Verdad e imagen
9 (RLIN) 182105
852 ## - LOCALIZACIÓN
Ubicación ES-MaACL
Número de control de estantería A-9593
Sublocalización o colección R.98721
Holdings
Estatus retirado Estado de pérdida Estado de daño No para préstamo Biblioteca de origen Biblioteca actual Ubicación en estantería Fecha de adquisición Fuente de adquisición Total de préstamos Signatura topográfica completa Código de barras Visto por última vez Precio de reemplazo Tipo de ítem Koha
        Biblioteca del Ateneo de Madrid Biblioteca del Ateneo de Madrid Depósito 1 17/01/2008     A-9593 1077723 23/02/2023 23/02/2023 Libro impreso